| 000 | 00548 a2200205 4500 | ||
|---|---|---|---|
| 005 | 20260417115027.0 | ||
| 008 | 260416b |||||||| |||| 00| 0 eng d | ||
| 020 |
_a9789355739223 _cRs. 1685.00 |
||
| 040 | _aMAIN | ||
| 082 |
_a530 _bS69P(10) |
||
| 100 | _aSerway, Raymond A | ||
| 245 | _aPhysics for scientists and engineers with modern physics | ||
| 250 | _a10th | ||
| 260 |
_bCengage Learning India _c2024 _aDelhi |
||
| 300 | _axxvi, 1257 | ||
| 650 | _aPhysics | ||
| 650 | _aNatural Sciences | ||
| 700 | _aJewett, John W | ||
| 942 | _cBK | ||
| 999 |
_c396394 _d396394 |
||